UBT Library

The future of power (Record no. 937)

000 -LEADER
fixed length control field 00536nam a22001937a 4500
008 - FIXED-LENGTH DATA ELEMENTS--GENERAL INFORMATION
fixed length control field 150601b xxu||||| |||| 00| 0 eng d
020 ## - INTERNATIONAL STANDARD BOOK NUMBER
International Standard Book Number 9781586488918 (alk. paper)
020 ## - INTERNATIONAL STANDARD BOOK NUMBER
International Standard Book Number 9781586488925 (e-book)
041 0# - LANGUAGE CODE
Language code of text/sound track or separate title eng
080 ## - UNIVERSAL DECIMAL CLASSIFICATION NUMBER
Universal Decimal Classification number 33
100 1# - Rafti
Rafti Nye, Joseph S.
245 14 - TITLE STATEMENT
Title The future of power
Statement of responsibility, etc Joseph S. Nye, Jr.
250 ## -
-- 1st ed.
260 ## -
-- New York :
-- PublicAffairs,
-- c2011.
300 ## -
-- 300 f. :
-- me il.;
-- 24 cm.
505 ## -
-- Index: f.283-300
650 #0 -
-- Ekonomia
942 ## - ADDED ENTRY ELEMENTS (KOHA)
Source of classification or shelving scheme
Item type Books
Holdings
Withdrawn status Lost status Source of classification or shelving scheme Damaged status Not for loan Collection code Permanent location Current location Shelving location Date acquired Total Checkouts Full call number Date last seen Price effective from Koha item type
          Koleksioni i përgjithshem UBT - Prishtine UBT - Prishtine Koleksioni i përgjithshem 06/01/2015   33 NYE 06/01/2015 06/01/2015 Books
UBT Library © 2015-2024. All rights reserved University Education for Business and Technology